| 000 | 00561nam a22002057a 4500 | ||
|---|---|---|---|
| 005 | 20240124102648.0 | ||
| 008 | 221010b sa ||||| |||| 00| 0 eng d | ||
| 020 | _a9780796043399 | ||
| 040 |
_aRDA _c3228 |
||
| 082 | _aTSO JF MIRH | ||
| 245 |
_aMirhibeyila: Tsakama, tsakama,oma _hXitsonga |
||
| 250 | _aFirst edition | ||
| 260 |
_aPietermaritzburg: _bShuter & Shooter publishers _c2013 |
||
| 300 |
_a42 pages _c24 cm |
||
| 521 | _aXITSONGA STUDY MATERIAL | ||
| 942 |
_xElsie _y162 _zElsie Maluleke |
||
| 942 | _2ddc | ||
| 942 | _2ddc | ||
| 942 |
_2ddc _cBK |
||
| 999 |
_c665288 _d665287 |
||